Quien pierde gana / (Record no. 41130)

MARC details
000 -LEADER
campo de control de longitud fija 00587nam a2200181 i 4500
001 - NÚMERO DE CONTROL
campo de control 41130
003 - IDENTIFICADOR DE NÚMERO DE CONTROL
campo de control ES-MaACL
005 - FECHA Y HORA DE LA ÚLTIMA TRANSACCIÓN
campo de control 20230906160358.0
007 - CAMPO FIJO DE DESCRIPCIÓN FÍSICA--INFORMACIÓN GENERAL
campo de control de longitud fija t|
008 - DATOS DE LONGITUD FIJA--INFORMACIÓN GENERAL
campo de control de longitud fija 030310q19001999fr ||||1| spa d
100 1# - ENTRADA PRINCIPAL--NOMBRE DE PERSONA
Nombre de persona Capus, Alfred.
9 (RLIN) 34916
245 10 - MENCIÓN DEL TÍTULO
Título Quien pierde gana /
Mención de responsabilidad, etc. Alfred Capus ; versión castellana por Miguel de Toro y Gisbert ; dibujos de René Lelong.
260 ## - PUBLICACIÓN, DISTRIBUCIÓN, ETC.
Lugar de publicación, distribución, etc. Paris :
Nombre del editor, distribuidor, etc. [s.n.,
Fecha de publicación, distribución, etc. 19--?] (
Lugar de fabricación/manufactura Evreux :
Fabricante Charles Herisey)
300 ## - DESCRIPCIÓN FÍSICA
Extensión 332 p. ;
Dimensiones 17 cm.
700 1# - ENTRADA AGREGADA--NOMBRE PERSONAL
Nombre de persona Toro y Gisbert, Miguel de.
9 (RLIN) 141153
700 1# - ENTRADA AGREGADA--NOMBRE PERSONAL
Nombre de persona Lelong, René.
9 (RLIN) 71437
852 ## - LOCALIZACIÓN
Ubicación ES-MaACL
Número de control de estantería D-1460
Holdings
Estatus retirado Estado de pérdida Estado de daño No para préstamo Colección Biblioteca de origen Biblioteca actual Ubicación en estantería Fecha de adquisición Fuente de adquisición Total de préstamos Signatura topográfica completa Código de barras Visto por última vez Precio de reemplazo Tipo de ítem Koha
        Libros del s. XIX Biblioteca del Ateneo de Madrid Biblioteca del Ateneo de Madrid Sala Valle Inclán 17/01/2008     D-1460 901043301 23/02/2023 23/02/2023 Libro impreso antiguo